The tourist gaze : leisure and travel in contemporary societies

Αποθηκεύτηκε σε:
Λεπτομέρειες βιβλιογραφικής εγγραφής
Κύριος συγγραφέας: Urry, John
Μορφή: Βιβλίο
Γλώσσα:English
Δημοσίευση: London : Sage, 1994
Σειρά:Theory, culture and society
Θέματα:
Ετικέτες: Προσθήκη ετικέτας
Δεν υπάρχουν, Καταχωρήστε ετικέτα πρώτοι!

MARC

LEADER 00000nam a2200000 i 4500
001 1/102166
008 951009s1994 eng d
020 |a 0-8039-8183-X 
035 |l 10012391 
040 |a GR-MY-UA  |b gre  |e aacr 
041 0 |a eng 
082 0 |a 338.4791 
100 1 |a Urry, John. 
245 1 4 |a The tourist gaze :  |b leisure and travel in contemporary societies /  |c John Urry 
260 |a London :   |b Sage,   |c 1994 
300 |a 176 p. 
490 1 |a Theory, culture & society 
504 |a Includes bibliographical references and index 
650 0 0 |a Tourism. 
830 0 |a Theory, culture and society 
852 |a INST  |b LESVOS  |e 19951009  |h 338.4791 URR  |p 005100010090  |q 005100010090  |t BK  |y 0 
909 |a Λ  |b 040947 
922 |a 1ΕΛΗ  |b 199504  |c ΜΟΥΤΑΦΗ 
950 |a 086-1995-02-23